000 00533nam a2200169Ia 4500
003 GCL
008 140319s9999 xx 000 0 ara d
040 _aGCL /
_cGCL
082 0 4 _a230
_bا ت
100 1 _aابى محمد عبدالله بن مسلم
245 1 0 _aتاويل مختلف الحديث /
_cابى محمد عبدالله بن مسلم
260 _a[S.N] :
_bدار الكتب العلمية للنشر والتوزيع
300 _a338 ص
490 _a
650 0 4 _aالحديث - احكام
942 _2ddc
_cBK
999 _c52790
_d52790